Nuevas tendencias de la industria en América Latina : cadenas productivas, PYME y especialización flexible /

Durante la década de los años ochenta, la industria latinoamericana experimentó intensas transformaciones, no sólo en su matriz estructural, sino también en los modos en que se regula. Estos cambios se iniciaron en los años setenta, pero se aceleraron en la década pasada, hacia la internalización, l...

Full description

Bibliographic Details
Main Author: Díaz, Alvaro
Format: Analitica de revista
Language:Spanish
Published: Santiago, Chile SUR 1993
Subjects:

MARC

LEADER 00000cab a2200000 a 4500
001 037725
003 UAHC_CL
005 20171124112354.0
008 140120s1993 cl 000 spa
952 |0 0  |1 0  |4 0  |6 PROPOSICIONES_23_93_000000000000000  |7 0  |8 COMP  |9 71741  |a BC  |b BC  |c COMP  |d 2017-08-03  |l 0  |o PROPOSICIONES-23/93  |r 2017-08-03 00:00:00  |t 1  |w 2017-08-03  |y REVA 
999 |c 37725  |d 37725 
040 |a UAHC_CL  |c UAHC_CL  |d UAHC_CL 
100 1 |a Díaz, Alvaro 
245 1 0 |a Nuevas tendencias de la industria en América Latina :  |b cadenas productivas, PYME y especialización flexible /  |c Alvaro Díaz. 
260 |b SUR  |c 1993  |a Santiago, Chile 
300 |a pp. 48-65 
310 |a Anual. 
362 0 |a Año 1, no. 1 (nov. 2002)- . 
362 0 |a Año 1, no. 1 (nov. 2002)- . 
500 |a En: Proposiciones. no. 23, 1993. pp. 48-65. ISSN. 956208051X. 
520 |a Durante la década de los años ochenta, la industria latinoamericana experimentó intensas transformaciones, no sólo en su matriz estructural, sino también en los modos en que se regula. Estos cambios se iniciaron en los años setenta, pero se aceleraron en la década pasada, hacia la internalización, la privatización y la desregulación. 
650 4 |a PEQUEÑAS EMPRESAS  |z AMERICA LATINA 
650 4 |a EMPRESAS  |z AMERICA LATINA 
650 4 |a PEQUEÑAS EMPRESAS  |z AMERICA LATINA 
900 |a PROPOSICIONES-23/93 
942 |c REVA  |2 ddc